01491nam a22001097a 4500008004100000100002300041245008800064260002700152300003200179520114300211773002701354210211b ||||| |||| 00| 0 eng d aChristensen, Johan aRepresentative bureaucracy, international organizations and public service bargains aPublic Administration  a98(2), Jun, 2020: p.408-423 aAcademic interest in the administrative aspects of international organizations is on the rise. Yet, an issue that has received little attention is bureaucratic representation—the extent to which international bureaucracies are representative of the polity that they serve. The article theorizes the rationales for and forms of representative bureaucracy in international organizations by combining insights from the representative bureaucracy literature with the ‘public service bargains’ framework. It argues that bureaucratic representation is highly relevant in international organizations, given the diverse polity these organizations serve and their precarious legitimacy. It distinguishes three types of representational ‘bargains’ between international organizations and those they serve, centred on power, equal opportunities and diversity, and discusses under which conditions each type of bargain is likely to be struck. The argument contributes to discussions about representative bureaucracy in international organizations and to broader theoretical debates about international public administration. – Reproduced  aPublic Administration